| 000 | 00506nam a22001217a 4500 | ||
|---|---|---|---|
| 082 | _a220 PRO | ||
| 100 |
_aMUHAMMAD USSAMA BIN SAJID MUHAMMAD HASSAN ZIA SAAD IFTIKHAR SAIMA TARIQ _971129 |
||
| 245 | _aPR-SOF-1420-DESIGN AND FABRICATION AND FEEDBACK CONTROL OF A CYRO STABLIZED TWO DEGREE OF FREEDOM PLATFORM WITH SURVEILLANCE CAPABILITIES | ||
| 260 |
_aISLAMABAD _bNUST COLLEGE OF EME _c2014 |
||
| 650 |
_aDE-ELECT-33 _971130 |
||
| 700 |
_aDR FAHAD MUMTAZ MALIK DR. SHAHZAD AMIN SHEIKH _971131 |
||
| 942 | _cCR | ||
| 999 |
_c577824 _d577824 |
||